000
00267nam a2200121Ia 4500
008
191201s2009 xx 000 0 und d
100
_a
DASBIT,Sipra
245
0
_a
Mobile Computing
260
_c
2009
_b
PHI
_a
N. Delhi
300
_a
182
650
_a
IT
942
_2
ddc
_c
BB
999
_c
7424
_d
7424